MEN AT WAR THE BEST WAR STORIES OF ALL TIME (Record no. 572388)

000 -LEADER
fixed length control field 00333nam a22001337a 4500
020 ## - INTERNATIONAL STANDARD BOOK NUMBER
International Standard Book Number 0-517-02084-X
082 ## - DEWEY DECIMAL CLASSIFICATION NUMBER
Classification number 355.02 HEM'M
100 ## - MAIN ENTRY--PERSONAL NAME
Personal name HEMINGWAY, ERNEST
9 (RLIN) 45909
245 ## - TITLE STATEMENT
Title MEN AT WAR THE BEST WAR STORIES OF ALL TIME
260 ## - PUBLICATION, DISTRIBUTION, ETC.
Place of publication, distribution, etc. NEWYORK
Name of publisher, distributor, etc. BRAMHALL
Date of publication, distribution, etc. 1979
300 ## - PHYSICAL DESCRIPTION
Extent 1072P
650 ## - SUBJECT ADDED ENTRY--TOPICAL TERM
Topical term or geographic name entry element WAR STORIES
9 (RLIN) 45910
942 ## - ADDED ENTRY ELEMENTS (KOHA)
Koha item type Book
Holdings
Withdrawn status Lost status Damaged status Not for loan Permanent Location Current Location Shelving location Date acquired Total Checkouts Full call number Barcode Date last seen Price effective from Koha item type
        College of Electrical & Mechanical Engineering (CEME) College of Electrical & Mechanical Engineering (CEME) General Stacks 02/16/2017   355.02 HEM'M CEME-19627 06/28/2021 06/28/2021 Book
© 2023 Central Library, National University of Sciences and Technology. All Rights Reserved.